00711nam a22001937a 4500003001100000008004100011040003900052041000800091082001600099111008300115245002900198260005000227300005000277650004300327650003400370942000700404952009100411999001500502LK-CoMWRAF240611b |||||||| |||| 00| 0 eng d aLK-CoMWRAFdLK-CoMWRAFeLK-CoMWRAF asin a305.42bWOM aTENTH NATIONAL CONVENTION ON WOMEN'S STUDIES c( Colombo,d 2-6 th April 2006) aSESSION III:bGovernance aColombo: bCentre for Women's Research,c2006 avarious paging; tablesbBibliography included aWOMEN'S STUDIES- Sri Lanka- Congresses aWOMEN-political participation cCP 00104070aMAINbMAINd2024-06-11l0o305.42 WOMpRAF5281r2024-06-11w2024-06-11yCP c4908d4908